[Event "SVK GPX U14"]
[Site "Kremnica"]
[Date "2025.06.21"]
[Round "9"]
[White "Bartelt, Tobias"]
[Black "Brand, Filip"]
[Result "0-1"]
[WhiteElo "1673"]
[BlackElo "1689"]
[PlyCount "90"]
[EventDate "2025.06.21"]
[EventType "tourn (rapid)"]
[EventRounds "9"]
[EventCountry "SVK"]
[SourceTitle "CB26_2025"]
[SourceDate "2025.06.25"]
[SourceVersion "1"]
[SourceVersionDate "2025.06.25"]
[SourceQuality "1"]

1. e4 d5 2. exd5 Nf6 3. d4 Bg4 4. Be2 Bxe2 5. Nxe2 Qxd5 6. 0-0 Nc6 7. Nbc3 Qh5 8. Ng3 Qxd1 9. Rxd1 0-0-0 10. Be3 e6 11. Rd2 Bb4 12. a3 Ba5 13. b4 Bb6 14. Rad1 Rd7 15. Na4 Nd5 16. c4 Nxe3 17. fxe3 a6 18. Nxb6+ cxb6 19. Kf2 Rhd8 20. c5 bxc5 21. bxc5 Ne5 22. Ne4 Nc4 23. Ra2 f5 24. Rc1 fxe4 25. Rxc4 Kc7 26. Rac2 Rf7+ 27. Kg3 Rf6 28. c6 b5 29. Rc5 Rd5 30. h4 h5 31. Kh3 Rff5 32. R5c3 e5 33. dxe5 Rfxe5 34. Rf2 Rf5 35. Rfc2 Rd3 36. Rxd3 exd3 37. Rc3 Rd5 38. Rc1 d2 39. Rd1 Kxc6 40. g4 Rd3 41. gxh5 Kc5 42. Kg2 Kc4 43. Kf2 Kc3 44. Ke2 Kc2 45. e4 Re3+ 0-1

[Event "SVK GPX U14"]
[Site "Kremnica"]
[Date "2025.06.21"]
[Round "8"]
[White "Brand, Filip"]
[Black "Kulka, Tomas"]
[Result "1-0"]
[WhiteElo "1689"]
[BlackElo "1651"]
[PlyCount "101"]
[EventDate "2025.06.21"]
[EventType "tourn (rapid)"]
[EventRounds "9"]
[EventCountry "SVK"]
[SourceTitle "CB26_2025"]
[SourceDate "2025.06.25"]
[SourceVersion "1"]
[SourceVersionDate "2025.06.25"]
[SourceQuality "1"]

1. e4 e5 2. Nc3 d6 3. Bc4 Nf6 4. f4 exf4 5. Nf3 Bg4 6. 0-0 g6 7. d4 Bg7 8. Bxf4 0-0 9. h3 Bxf3 10. Qxf3 Nc6 11. Rad1 Nd7 12. Be3 Qe7 13. Nd5 Qd8 14. c3 Nb6 15. Nxb6 axb6 16. Bxf7+ Kh8 17. Qg3 Qe7 18. Bd5 Rae8 19. Qg4 Nb8 20. Bg5 Qd7 21. Qxd7 Nxd7 22. Bxb7 Nb8 23. Rxf8+ Bxf8 24. Bf6+ Bg7 25. Bxg7+ Kxg7 26. Re1 c6 27. d5 c5 28. Kf2 Re7 29. Bc8 Ra7 30. a3 Nd7 31. Bxd7 Rxd7 32. Ke3 b5 33. Kd3 Rb7 34. e5 dxe5 35. Rxe5 Kf6 36. Ke4 b4 37. Re6+ Kf7 38. Rc6 bxc3 39. bxc3 Rb5 40. c4 Ra5 41. Ke5 Rxa3 42. Rxc5 Ra2 43. g4 Rh2 44. Rc7+ Kg8 45. d6 Re2+ 46. Kd5 Rd2+ 47. Kc6 Kf8 48. Rxh7 Ke8 49. d7+ Kd8 50. Rh8+ Ke7 51. Re8+ 1-0

[Event "SVK-ch U14"]
[Site "Tatralandia"]
[Date "2025.05.15"]
[Round "6"]
[White "Halada, Lubos"]
[Black "Brand, Filip"]
[Result "0-1"]
[WhiteElo "1589"]
[BlackElo "1717"]
[PlyCount "68"]
[EventDate "2025.05.11"]
[EventType "swiss"]
[EventRounds "9"]
[EventCountry "SVK"]
[SourceTitle "CB21_2025"]
[SourceDate "2025.05.21"]
[SourceVersion "1"]
[SourceVersionDate "2025.05.21"]
[SourceQuality "1"]

1. d4 Nf6 2. Bf4 d5 3. e3 Bf5 4. Nf3 e6 5. Be2 Be7 6. Nbd2 0-0 7. 0-0 c5 8. c3 Nc6 9. Re1 c4 10. Ne5 Nxe5 11. dxe5 Nd7 12. e4 Bg6 13. exd5 exd5 14. Bf1 Nc5 15. b3 b5 16. b4 Nd3 17. Bxd3 Bxd3 18. Nf3 Qb6 19. Nd4 Bxb4 20. cxb4 Qxd4 21. Qd2 Qb6 22. Re3 d4 23. Rg3 Bg6 24. Rd1 d3 25. Qc3 Rfe8 26. a3 Rad8 27. Be3 Qe6 28. Bxa7 Qxe5 29. Qxe5 Rxe5 30. Re3 Rxe3 31. Bxe3 c3 32. Bd2 cxd2 33. Rxd2 Rc8 34. f3 Rc2 0-1

[Event "SVK-ch U14"]
[Site "Tatralandia"]
[Date "2025.05.14"]
[Round "5"]
[White "Brand, Filip"]
[Black "Kostov, Rubin"]
[Result "1/2-1/2"]
[WhiteElo "1717"]
[BlackElo "1579"]
[PlyCount "139"]
[EventDate "2025.05.11"]
[EventType "swiss"]
[EventRounds "9"]
[EventCountry "SVK"]
[SourceTitle "CB21_2025"]
[SourceDate "2025.05.21"]
[SourceVersion "1"]
[SourceVersionDate "2025.05.21"]
[SourceQuality "1"]

1. d4 Nf6 2. c4 e6 3. Nc3 Bb4 4. Bd2 b6 5. e3 Bb7 6. Nf3 d6 7. a3 Bxc3 8. Bxc3 Nbd7 9. Bd3 0-0 10. Qc2 h6 11. 0-0-0 Qe7 12. Nd2 e5 13. f3 exd4 14. exd4 Rfe8 15. d5 Nc5 16. Nb3 Qe3+ 17. Kb1 Nxd3 18. Qxd3 Qxd3+ 19. Rxd3 Nd7 20. Nd4 Ne5 21. Rdd1 Nxc4 22. Nb5 Re7 23. Rhe1 Rae8 24. Rxe7 Rxe7 25. Nxa7 Ne3 26. Re1 Nxd5 27. Rxe7 Nxe7 28. Nb5 Nd5 29. Bd2 Ba6 30. Nc3 Nxc3+ 31. Bxc3 f6 32. Kc2 Kf7 33. Kd2 Ke6 34. Ke3 d5 35. b4 c5 36. bxc5 bxc5 37. Ba5 d4+ 38. Kd2 g6 39. Bb6 Kd5 40. a4 c4 41. Bd8 f5 42. Bf6 c3+ 43. Kc2 Kc4 44. Bg7 d3+ 45. Kd1 h5 46. Bh6 Kb3 47. a5 Kb4 48. Bg7 c2+ 49. Kc1 Kxa5 50. Bc3+ Kb5 51. h4 Kc4 52. Bd2 Kd4 53. Bg5 Ke5 54. Bd2 f4 55. Bc3+ Kf5 56. Bd2 g5 57. hxg5 Kxg5 58. g3 Bb7 59. Bxf4+ Kf5 60. Kd2 Ba6 61. Be3 Ke6 62. Kc3 Kd5 63. Bc1 Bc4 64. Be3 Bb5 65. Bc1 Kc6 66. Be3 Kb7 67. Bc1 Kb6 68. Be3+ Ka5 69. Bd2 Ka4 70. Bc1 1/2-1/2

[Event "SVK-chT U16 rapid"]
[Site "Poprad"]
[Date "2025.05.04"]
[Round "7.14"]
[White "Brand, Filip"]
[Black "Viglas, Matej"]
[Result "1/2-1/2"]
[WhiteElo "1553"]
[BlackElo "1594"]
[PlyCount "85"]
[EventDate "2025.05.04"]
[EventType "team-swiss (rapid)"]
[EventRounds "7"]
[EventCountry "SVK"]
[SourceTitle "CB19_2025"]
[SourceDate "2025.05.07"]
[SourceVersion "1"]
[SourceVersionDate "2025.05.07"]
[SourceQuality "1"]

1. c4 c5 2. Nf3 Nc6 3. d4 cxd4 4. Nxd4 Nf6 5. Nc3 g6 6. g3 Bg7 7. Bg2 0-0 8. e3 a6 9. 0-0 Qc7 10. b3 d6 11. h3 Bd7 12. Bb2 Rab8 13. Nxc6 Bxc6 14. e4 Nxe4 15. Bxe4 Bxe4 16. Nxe4 Bxb2 17. Rb1 Bg7 18. Kh2 Rbd8 19. Re1 e6 20. Rc1 Qd7 21. Qf3 Qc6 22. Qd3 d5 23. cxd5 Qxd5 24. Qxd5 Rxd5 25. Rc7 Rb8 26. Kg2 b6 27. Rec1 f5 28. Ng5 Bh6 29. Rc8+ Rd8 30. Rxd8+ Rxd8 31. Nxe6 Bxc1 32. Nxd8 Ba3 33. Ne6 Kf7 34. Nc7 a5 35. Nb5 Bc5 36. f3 Ke6 37. f4 Kd7 38. Kf3 Kc6 39. a4 Kd7 40. Nc3 Kd6 41. Nb5+ Kc6 42. Nc3 Kd6 43. Nb5+ 1/2-1/2

[Event "SVK-ch U14 rapid"]
[Site "Poprad"]
[Date "2025.05.03"]
[Round "7"]
[White "Brand, Filip"]
[Black "Cerny, Patrik1"]
[Result "1-0"]
[WhiteElo "1553"]
[BlackElo "1620"]
[PlyCount "65"]
[EventDate "2025.05.03"]
[EventType "swiss (rapid)"]
[EventRounds "7"]
[EventCountry "SVK"]
[SourceTitle "CB19_2025"]
[SourceDate "2025.05.07"]
[SourceVersion "1"]
[SourceVersionDate "2025.05.07"]
[SourceQuality "1"]

1. c4 Nf6 2. Nc3 e6 3. g3 d5 4. Bg2 c6 5. cxd5 cxd5 6. d4 Bb4 7. Bd2 0-0 8. Nf3 Nbd7 9. 0-0 a6 10. a3 Bd6 11. Qc1 Qc7 12. Qc2 Ne4 13. Rac1 Ndf6 14. Ng5 Nxc3 15. Bxc3 h6 16. Nf3 Bd7 17. b4 Ne4 18. Qb2 b5 19. Ne5 Bxe5 20. Bxe4 Bxg3 21. hxg3 dxe4 22. d5 Qb7 23. Bxg7 exd5 24. Bxh6 f6 25. Bxf8 Rxf8 26. Qd2 Rf7 27. Kg2 e3 28. Qxe3 Rh7 29. Rh1 Rxh1 30. Kxh1 Bc6 31. Qd4 Qh7+ 32. Qh4 Bb7 33. Qxh7+ 1-0

[Event "SVK-ch U14 rapid"]
[Site "Poprad"]
[Date "2025.05.03"]
[Round "6"]
[White "Meszaros, Casey Ryan"]
[Black "Brand, Filip"]
[Result "0-1"]
[WhiteElo "1898"]
[BlackElo "1553"]
[PlyCount "72"]
[EventDate "2025.05.03"]
[EventType "swiss (rapid)"]
[EventRounds "7"]
[EventCountry "SVK"]
[SourceTitle "CB19_2025"]
[SourceDate "2025.05.07"]
[SourceVersion "1"]
[SourceVersionDate "2025.05.07"]
[SourceQuality "1"]

1. Nf3 Nf6 2. b3 g6 3. Bb2 Bg7 4. g3 0-0 5. Bg2 c6 6. d4 d5 7. 0-0 Bf5 8. c4 Nbd7 9. Nc3 Re8 10. Nd2 e5 11. dxe5 Nxe5 12. cxd5 Nxd5 13. e4 Nxc3 14. Bxc3 Bg4 15. Qc2 Be2 16. Rfe1 Qd3 17. Qxd3 Bxd3 18. f4 Nf3+ 19. Bxf3 Bxc3 20. Rad1 Bc2 21. Nb1 Bxe1 22. Rxe1 Bxb1 23. Rxb1 Rad8 24. Rb2 Rd6 25. e5 Rd4 26. b4 Red8 27. b5 c5 28. Bxb7 Rd1+ 29. Kf2 R8d2+ 30. Rxd2 Rxd2+ 31. Ke3 Rxa2 32. Kd3 Rxh2 33. Kc4 Rc2+ 34. Kd5 c4 35. Kd6 c3 36. Ke7 Rd2 0-1

[Event "SVK-ch U14 rapid"]
[Site "Poprad"]
[Date "2025.05.03"]
[Round "4"]
[White "Pisarcik, Richard"]
[Black "Brand, Filip"]
[Result "1-0"]
[WhiteElo "1832"]
[BlackElo "1553"]
[PlyCount "39"]
[EventDate "2025.05.03"]
[EventType "swiss (rapid)"]
[EventRounds "7"]
[EventCountry "SVK"]
[SourceTitle "CB19_2025"]
[SourceDate "2025.05.07"]
[SourceVersion "1"]
[SourceVersionDate "2025.05.07"]
[SourceQuality "1"]

1. e4 e6 2. d4 d5 3. Nc3 Nf6 4. Bg5 Bb4 5. e5 h6 6. Bd2 Bxc3 7. bxc3 Ne4 8. Bc1 Nxc3 9. Qg4 g5 10. Bd3 Bd7 11. h4 Rg8 12. hxg5 hxg5 13. Nf3 Qe7 14. a3 f5 15. exf6 Qxf6 16. Bxg5 Qg7 17. Rh7 Qxh7 18. Bxh7 Rg7 19. Qh5+ Kf8 20. Bh6 1-0